World rubber and its regulation / (Record no. 4013)
[ view plain ]
| 000 -LEADER | |
|---|---|
| fixed length control field | 00900cam a22002771 4500 |
| 001 - CONTROL NUMBER | |
| control field | 4013 |
| 003 - CONTROL NUMBER IDENTIFIER | |
| rucl marc code | BD-RjUL |
| 005 - DATE AND TIME OF LATEST TRANSACTION | |
| control field | 20211208233823.0 |
| 008 - FIXED-LENGTH DATA ELEMENTS--GENERAL INFORMATION | |
| fixed length control field | s1945 caua 001 0 eng |
| 035 ## - SYSTEM CONTROL NUMBER | |
| System control number | (BD-RjUL)4047 |
| 040 ## - CATALOGING SOURCE | |
| Original cataloging agency | DLC |
| Transcribing agency | DLC |
| Modifying agency | DLC |
| Language of cataloging | eng |
| 041 ## - LANGUAGE CODE | |
| Language code of text/sound track or separate title | eng |
| 082 ## - DEWEY DECIMAL CLASSIFICATION NUMBER | |
| Edition number | 16 |
| Classification number | 338.48 |
| Author mark and year | KNW 1945 |
| 100 1# - MAIN ENTRY--PERSONAL NAME | |
| Personal name | Knorr, Klaus, |
| Dates associated with a name | 1911-1990. |
| 9 (RLIN) | 12778 |
| 245 10 - TITLE STATEMENT | |
| Title | World rubber and its regulation / |
| Statement of responsibility, etc. | K. E. Knorr. |
| 260 ## - PUBLICATION, DISTRIBUTION, ETC. (IMPRINT) | |
| Place of publication, distribution, etc. | Stanford university, Calif : |
| Name of publisher, distributor, etc. | Stanford university press, |
| Date of publication, distribution, etc. | c1945 |
| 300 ## - PHYSICAL DESCRIPTION | |
| Pagination | x, 265 p. |
| Illustrations | tables, diagrs. |
| Size | 24 cm. |
| 490 0# - SERIES STATEMENT | |
| Series statement | Leland Stanford junior university. Food research institute. Commodity policy studies. |
| Volume/sequential designation | no. 6. |
| 504 ## - BIBLIOGRAPHY, ETC. NOTE | |
| Bibliography, etc | Annotated bibliography: p. 257-260. |
| 526 ## - STUDY PROGRAM INFORMATION NOTE | |
| Requested Dept. | Sociology |
| 650 #0 - SUBJECT ADDED ENTRY--TOPICAL TERM | |
| Topical term or geographic name as entry element | Rubber industry and trade. |
| 9 (RLIN) | 12779 |
| Topical term or geographic name as entry element | Rubber, Artificial. |
| 9 (RLIN) | 12780 |
| 942 ## - ADDED ENTRY ELEMENTS (KOHA) | |
| Source of classification or shelving scheme | Dewey Decimal Classification |
| Koha item type | Books |
| Lost status | Source of classification or shelving scheme | Damaged status | Not for loan | Collection code | Permanent Location | Current Location | Shelving location | Date acquired | Source of acquisition | Cost, normal purchase price | Total Checkouts | Full call number | Date last seen | Copy number | Koha item type |
|---|---|---|---|---|---|---|---|---|---|---|---|---|---|---|---|
| Dewey Decimal Classification | Not For Loan | Non-fiction | Central Library, University of Rajshahi | Central Library, University of Rajshahi | Reading Room | 02/07/1957 | Publisher United LTD. | 19.81 | 338.48 KNW 1945 | 21/12/2013 | C-1 | Books |